[Event "Girls U14 Polish Youth Championship"]
[Site "chess24.com"]
[Date "2018.05.03"]
[Round "7"]
[White "Mysliwiec, Natalia"]
[Black "Nowak, Roksana"]
[Result "1/2-1/2"]
[Board "19"]
[WhiteElo "1391"]
[WhiteCountry "POL"]
[WhiteFideId "21831262"]
[WhiteEloChange "-1"]
[BlackElo "1352"]
[BlackCountry "POL"]
[BlackFideId "21847991"]
[BlackEloChange "1"]

1. c4 {[%clk 1:30:57]} f5 {[%clk 1:30:52]} 2. d4 {[%clk 1:31:02]} Nf6 {[%clk
1:31:16]} 3. Nc3 {[%clk 1:31:06]} e6 {[%clk 1:31:40]} 4. Nf3 {[%clk 1:28:52]} Bb4
{[%clk 1:32:03]} 5. Bd2 {[%clk 1:28:40]} b6 {[%clk 1:32:24]} 6. e3 {[%clk
1:25:16]} Bb7 {[%clk 1:32:35]} 7. Bd3 {[%clk 1:24:45]} O-O {[%clk 1:32:39]} 8.
O-O {[%clk 1:24:09]} Bxc3 {[%clk 1:33:02]} 9. Bxc3 {[%clk 1:24:07]} d6 {[%clk
1:33:11]} 10. b4 {[%clk 1:19:31]} Nbd7 {[%clk 1:32:49]} 11. Re1 {[%clk 1:14:58]}
Qe8 {[%clk 1:33:03]} 12. Bf1 {[%clk 1:09:23]} Ne4 {[%clk 1:32:34]} 13. Bb2 {[%clk
1:08:00]} Rd8 {[%clk 1:31:12]} 14. Nd2 {[%clk 1:06:22]} Ndf6 {[%clk 1:30:52]} 15.
Nxe4 {[%clk 1:05:03]} Nxe4 {[%clk 1:31:10]} 16. f3 {[%clk 0:58:17]} Ng5 {[%clk
1:30:55]} 17. h4 {[%clk 0:57:30]} Nf7 {[%clk 1:31:05]} 18. Qd2 {[%clk 0:54:32]}
Nh6 {[%clk 1:30:31]} 19. Qf2 {[%clk 0:53:28]} Qg6 {[%clk 1:30:42]} 20. Rad1
{[%clk 0:51:49]} Kh8 {[%clk 1:23:08]} 21. Bd3 {[%clk 0:47:33]} Ng8 {[%clk
1:22:17]} 22. e4 {[%clk 0:41:04]} fxe4 {[%clk 1:20:27]} 23. Bxe4 {[%clk 0:41:21]}
Bxe4 {[%clk 1:20:48]} 24. Rxe4 {[%clk 0:41:43]} Qxe4 {[%clk 1:14:05]} 25. fxe4
{[%clk 0:42:05]} Rxf2 {[%clk 1:14:30]} 26. Kxf2 {[%clk 0:42:28]} Nf6 {[%clk
1:14:46]} 27. Re1 {[%clk 0:37:23]} Rf8 {[%clk 1:14:32]} 28. Kg1 {[%clk 0:34:45]}
Ng4 {[%clk 1:14:08]} 29. Re2 {[%clk 0:33:52]} Kg8 {[%clk 1:13:14]} 30. d5 {[%clk
0:27:06]} e5 {[%clk 1:13:30]} 31. Bc1 {[%clk 0:25:12]} h6 {[%clk 1:13:07]} 32.
Be3 {[%clk 0:24:43]} Nf6 {[%clk 1:11:28]} 33. Bf2 {[%clk 0:23:41]} Ng4 {[%clk
1:11:30]} 34. Kf1 {[%clk 0:22:25]} Kh7 {[%clk 1:01:38]} 35. Ke1 {[%clk 0:21:12]}
Nxf2 {[%clk 1:00:11]} 36. Rxf2 {[%clk 0:21:32]} Rxf2 {[%clk 1:00:31]} 37. Kxf2
{[%clk 0:21:57]} Kg6 {[%clk 1:00:43]} 38. g4 {[%clk 0:21:39]} Kf6 {[%clk
1:00:14]} 39. Ke3 {[%clk 0:21:40]} g5 {[%clk 1:00:06]} 40. h5 {[%clk 0:22:03]}
Ke7 {[%clk 1:00:30]} 41. Kd3 {[%clk 0:22:18]} Kd7 {[%clk 1:00:45]} 42. Kc3 {[%clk
0:20:44]} c5 {[%clk 1:00:15]} 43. a4 {[%clk 0:19:25]} a6 {[%clk 0:59:48]} 44. a5
{[%clk 0:15:12]} Kc7 {[%clk 0:52:07]} 45. bxc5 {[%clk 0:08:40]} bxc5 {[%clk
0:52:17]} 46. Kb3 {[%clk 0:09:03]} 1/2-1/2

[Event "Girls U14 Polish Youth Championship"]
[Site "chess24.com"]
[Date "2018.05.03"]
[Round "7"]
[White "Matyjasek, Michalina"]
[Black "Bychowska, Marta"]
[Result "1-0"]
[Board "20"]
[WhiteElo "1361"]
[WhiteCountry "POL"]
[WhiteFideId "21816743"]
[WhiteEloChange "4"]
[BlackElo "1114"]
[BlackCountry "POL"]
[BlackFideId "21889643"]
[BlackEloChange "-4"]

1. d4 {[%clk 1:30:57]} Nf6 {[%clk 1:30:42]} 2. c4 {[%clk 1:31:18]} g6 {[%clk
1:31:03]} 3. Nc3 {[%clk 1:31:44]} Bg7 {[%clk 1:31:26]} 4. Bf4 {[%clk 1:32:09]} d6
{[%clk 1:31:36]} 5. Nf3 {[%clk 1:32:26]} O-O {[%clk 1:31:54]} 6. h3 {[%clk
1:32:42]} Nbd7 {[%clk 1:31:55]} 7. e3 {[%clk 1:33:04]} Re8 {[%clk 1:31:48]} 8.
Be2 {[%clk 1:33:25]} b6 {[%clk 1:32:05]} 9. O-O {[%clk 1:32:41]} Bb7 {[%clk
1:31:31]} 10. Qc2 {[%clk 1:31:25]} e5 {[%clk 1:28:58]} 11. Bh2 {[%clk 1:30:38]}
exd4 {[%clk 1:27:14]} 12. Nxd4 {[%clk 1:29:16]} a5 {[%clk 1:23:19]} 13. Rfd1
{[%clk 1:25:11]} Qe7 {[%clk 1:19:09]} 14. Ndb5 {[%clk 1:06:20]} Nc5 {[%clk
1:17:05]} 15. a3 {[%clk 0:43:03]} Nfe4 {[%clk 0:45:55]} 16. b4 {[%clk 0:30:37]}
axb4 {[%clk 0:44:52]} 17. axb4 {[%clk 0:30:35]} Rxa1 {[%clk 0:44:50]} 18. Rxa1
{[%clk 0:30:57]} Nxc3 {[%clk 0:24:35]} 19. Nxc3 {[%clk 0:25:45]} Ne4 {[%clk
0:17:42]} 20. Ra7 {[%clk 0:18:57]} Bxc3 {[%clk 0:11:23]} 21. Rxb7 {[%clk
0:18:26]} Bxb4 {[%clk 0:10:14]} 22. Bf4 {[%clk 0:16:11]} Nc5 {[%clk 0:07:37]} 23.
Ra7 {[%clk 0:16:27]} Ne6 {[%clk 0:06:30]} 24. Bg3 {[%clk 0:15:16]} Qf6 {[%clk
0:05:33]} 25. Qa4 {[%clk 0:14:55]} Rb8 {[%clk 0:01:59]} 26. Qxb4 {[%clk 0:14:51]}
c5 {[%clk 0:01:01]} 27. Qd2 {[%clk 0:14:05]} Ng5 {[%clk 0:00:36]} 28. Qxd6 {[%clk
0:12:30]} Qxd6 {[%clk 0:00:51]} 29. Bxd6 {[%clk 0:12:51]} Rd8 {[%clk 0:00:38]}
30. Be5 {[%clk 0:12:31]} h5 {[%clk 0:00:35]} 31. Bf6 {[%clk 0:12:29]} Rd2 {[%clk
0:00:38]} 32. Bxh5 {[%clk 0:12:41]} gxh5 {[%clk 0:00:43]} 33. Bxg5 {[%clk
0:12:48]} Rc2 {[%clk 0:00:51]} 34. Ra4 {[%clk 0:12:38]} Rc1+ {[%clk 0:01:01]} 35.
Kh2 {[%clk 0:12:50]} Rc2 {[%clk 0:01:25]} 36. Kg3 {[%clk 0:13:11]} 1-0

[Event "Girls U14 Polish Youth Championship"]
[Site "chess24.com"]
[Date "2018.05.03"]
[Round "7"]
[White "Reszka, Zofia"]
[Black "Hals, Emilia"]
[Result "1-0"]
[Board "21"]
[WhiteElo "1286"]
[WhiteCountry "POL"]
[WhiteFideId "21813930"]
[WhiteEloChange "11"]
[BlackElo "1335"]
[BlackCountry "POL"]
[BlackFideId "21816603"]
[BlackEloChange "-11"]

1. e4 {[%clk 1:30:57]} e5 {[%clk 1:30:33]} 2. Nf3 {[%clk 1:30:32]} Nc6 {[%clk
1:30:17]} 3. d4 {[%clk 1:29:47]} exd4 {[%clk 1:29:34]} 4. Nxd4 {[%clk 1:29:49]}
Nf6 {[%clk 1:26:58]} 5. Nc3 {[%clk 1:28:30]} Bb4 {[%clk 1:26:11]} 6. f3 {[%clk
1:26:46]} d5 {[%clk 1:21:06]} 7. Nxc6 {[%clk 1:22:23]} bxc6 {[%clk 1:17:05]} 8.
e5 {[%clk 1:19:12]} Nd7 {[%clk 1:16:29]} 9. f4 {[%clk 1:18:29]} Nb6 {[%clk
1:13:59]} 10. Bd2 {[%clk 1:16:57]} Bf5 {[%clk 1:05:27]} 11. Bd3 {[%clk 1:12:43]}
Qd7 {[%clk 1:04:24]} 12. h3 {[%clk 1:10:05]} c5 {[%clk 1:01:27]} 13. Qf3 {[%clk
1:07:14]} c6 {[%clk 0:59:50]} 14. O-O-O {[%clk 1:05:06]} Bxd3 {[%clk 0:56:45]}
15. Qxd3 {[%clk 1:03:47]} O-O-O {[%clk 0:52:18]} 16. a3 {[%clk 1:01:23]} Bxc3
{[%clk 0:52:08]} 17. Qxc3 {[%clk 0:59:47]} c4 {[%clk 0:47:49]} 18. Be3 {[%clk
0:57:47]} Qb7 {[%clk 0:47:40]} 19. Qa5 {[%clk 0:53:23]} Rd7 {[%clk 0:44:39]} 20.
Bd4 {[%clk 0:51:04]} Kb8 {[%clk 0:33:26]} 21. Rde1 {[%clk 0:48:10]} Qc7 {[%clk
0:30:31]} 22. Rhf1 {[%clk 0:46:37]} Rf8 {[%clk 0:28:11]} 23. Bc5 {[%clk 0:41:45]}
Rfd8 {[%clk 0:27:12]} 24. Bd6 {[%clk 0:40:50]} Rxd6 {[%clk 0:27:11]} 25. exd6
{[%clk 0:40:58]} Qxd6 {[%clk 0:27:18]} 26. Qc3 {[%clk 0:40:15]} d4 {[%clk
0:26:53]} 27. Qg3 {[%clk 0:39:14]} Qf6 {[%clk 0:21:40]} 28. Qg5 {[%clk 0:30:55]}
Rd6 {[%clk 0:18:40]} 29. Re8+ {[%clk 0:28:09]} Kb7 {[%clk 0:17:45]} 30. Qe5
{[%clk 0:26:05]} Nd5 {[%clk 0:11:56]} 31. Qe2 {[%clk 0:20:44]} Ne3 {[%clk
0:11:02]} 32. Rf3 {[%clk 0:19:21]} Qg6 {[%clk 0:07:51]} 33. Rf2 {[%clk 0:16:55]}
f5 {[%clk 0:05:15]} 34. Re7+ {[%clk 0:16:28]} Kb6 {[%clk 0:05:34]} 35. Re5 {[%clk
0:13:32]} c5 {[%clk 0:05:09]} 36. c3 {[%clk 0:10:39]} Qf6 {[%clk 0:02:38]} 37.
cxd4 {[%clk 0:09:15]} cxd4 {[%clk 0:03:04]} 38. Qe1 {[%clk 0:07:48]} Kb7 {[%clk
0:03:12]} 39. Qb4+ {[%clk 0:07:05]} Kc7 {[%clk 0:03:11]} 40. Qc5+ {[%clk
0:06:46]} Kb7 {[%clk 0:03:22]} 41. Re8 {[%clk 0:05:59]} Rc6 {[%clk 0:01:22]} 42.
Qb5+ {[%clk 0:04:28]} Rb6 {[%clk 0:01:10]} 43. Qd7+ {[%clk 0:04:37]} Ka6 {[%clk
0:01:25]} 44. Re7 {[%clk 0:03:38]} Qh4 {[%clk 0:00:46]} 45. Qxa7+ {[%clk
0:03:10]} Kb5 {[%clk 0:01:10]} 46. a4+ {[%clk 0:02:53]} 1-0

[Event "Girls U14 Polish Youth Championship"]
[Site "chess24.com"]
[Date "2018.05.03"]
[Round "7"]
[White "Retz, Agnieszka"]
[Black "Wysocka, Edyta"]
[Result "1/2-1/2"]
[Board "22"]
[WhiteElo "1172"]
[WhiteCountry "POL"]
[WhiteFideId "21819408"]
[WhiteEloChange "4"]
[BlackElo "1301"]
[BlackCountry "POL"]
[BlackFideId "21836663"]
[BlackEloChange "-4"]

1. e4 {[%clk 1:30:57]} e5 {[%clk 1:30:56]} 2. Nf3 {[%clk 1:31:21]} Nc6 {[%clk
1:31:21]} 3. Bc4 {[%clk 1:31:46]} Bc5 {[%clk 1:31:46]} 4. c3 {[%clk 1:32:09]} Nf6
{[%clk 1:32:11]} 5. d4 {[%clk 1:32:28]} exd4 {[%clk 1:32:38]} 6. cxd4 {[%clk
1:32:48]} Bb4+ {[%clk 1:33:03]} 7. Bd2 {[%clk 1:33:06]} Bxd2+ {[%clk 1:33:25]} 8.
Nbxd2 {[%clk 1:33:29]} d5 {[%clk 1:33:30]} 9. exd5 {[%clk 1:33:34]} Nxd5 {[%clk
1:33:16]} 10. O-O {[%clk 1:33:01]} O-O {[%clk 1:33:32]} 11. Ne4 {[%clk 1:31:34]}
Re8 {[%clk 1:27:30]} 12. Re1 {[%clk 1:31:07]} Bg4 {[%clk 1:26:23]} 13. Ned2
{[%clk 1:30:29]} Rxe1+ {[%clk 1:24:09]} 14. Qxe1 {[%clk 1:30:42]} Bxf3 {[%clk
1:23:49]} 15. Nxf3 {[%clk 1:31:01]} Nb6 {[%clk 1:21:33]} 16. Qc3 {[%clk 1:30:13]}
Nxc4 {[%clk 1:18:06]} 17. Qxc4 {[%clk 1:30:33]} Ne7 {[%clk 1:16:07]} 18. Ne5
{[%clk 1:30:06]} Nd5 {[%clk 1:16:11]} 19. Qb3 {[%clk 1:29:30]} Rb8 {[%clk
1:15:40]} 20. Rc1 {[%clk 1:27:51]} c6 {[%clk 1:14:57]} 21. Qf3 {[%clk 1:26:24]}
Qf6 {[%clk 1:13:26]} 22. Qe4 {[%clk 1:24:33]} Qf4 {[%clk 1:12:24]} 23. Qxf4
{[%clk 1:22:31]} Nxf4 {[%clk 1:12:51]} 24. Re1 {[%clk 1:22:22]} Rd8 {[%clk
1:12:08]} 25. Nc4 {[%clk 1:20:37]} Kf8 {[%clk 1:11:35]} 26. g3 {[%clk 1:19:25]}
Ne6 {[%clk 1:10:51]} 27. Na5 {[%clk 1:18:26]} Nxd4 {[%clk 1:09:57]} 28. Nxb7
{[%clk 1:17:41]} Rb8 {[%clk 1:10:14]} 29. Rd1 {[%clk 1:17:48]} Rxb7 {[%clk
1:10:27]} 30. Rxd4 {[%clk 1:18:10]} Rxb2 {[%clk 1:10:52]} 31. Ra4 {[%clk
1:17:47]} Rb7 {[%clk 1:10:36]} 32. Kf1 {[%clk 1:17:57]} Ke7 {[%clk 1:10:46]} 33.
Ke2 {[%clk 1:18:06]} Ke6 {[%clk 1:10:13]} 34. Ke3 {[%clk 1:18:19]} f5 {[%clk
1:09:57]} 35. h4 {[%clk 1:18:05]} h5 {[%clk 1:09:02]} 36. f3 {[%clk 1:12:18]} g6
{[%clk 1:08:14]} 37. g4 {[%clk 1:12:35]} c5 {[%clk 1:08:16]} 38. Ra6+ {[%clk
1:11:50]} Rb6 {[%clk 1:02:26]} 39. gxf5+ {[%clk 1:11:17]} Kxf5 {[%clk 1:01:26]}
40. Rxa7 {[%clk 1:11:10]} Rc6 {[%clk 1:00:54]} 41. Rf7+ {[%clk 1:09:17]} Ke6
{[%clk 1:01:03]} 42. Rf4 {[%clk 1:09:09]} c4 {[%clk 1:00:58]} 43. Kd2 {[%clk
1:09:08]} Ra6 {[%clk 0:59:56]} 44. Rxc4 {[%clk 1:08:45]} Rxa2+ {[%clk 1:00:23]}
45. Ke3 {[%clk 1:09:01]} Ra5 {[%clk 1:00:02]} 46. Re4+ {[%clk 1:08:02]} Kf6
{[%clk 0:56:01]} 47. Rf4+ {[%clk 1:05:02]} Rf5 {[%clk 0:56:18]} 48. Ke4 {[%clk
1:04:42]} Rxf4+ {[%clk 0:55:11]} 49. Kxf4 {[%clk 1:04:53]} g5+ {[%clk 0:55:19]}
50. hxg5+ {[%clk 1:05:09]} Kg6 {[%clk 0:55:47]} 51. Kg3 {[%clk 1:05:08]} Kxg5
{[%clk 0:56:04]} 52. f4+ {[%clk 1:05:25]} Kf5 {[%clk 0:56:28]} 53. Kh4 {[%clk
1:05:50]} Kxf4 {[%clk 0:56:55]} 54. Kxh5 {[%clk 1:06:10]} 1/2-1/2

[Event "Girls U14 Polish Youth Championship"]
[Site "chess24.com"]
[Date "2018.05.03"]
[Round "7"]
[White "Szewczyk, Malwina"]
[Black "Polakowska, Agnieszka"]
[Result "1-0"]
[Board "23"]
[WhiteElo "1257"]
[WhiteCountry "POL"]
[WhiteFideId "21801649"]
[WhiteEloChange "8"]
[BlackElo "1180"]
[BlackCountry "POL"]
[BlackFideId "21800804"]
[BlackEloChange "-8"]

1. d4 {[%clk 1:30:57]} d5 {[%clk 1:30:52]} 2. Nf3 {[%clk 1:31:09]} Nf6 {[%clk
1:31:12]} 3. e3 {[%clk 1:31:21]} e6 {[%clk 1:31:38]} 4. Bd3 {[%clk 1:31:35]} c5
{[%clk 1:31:17]} 5. c3 {[%clk 1:31:39]} Nc6 {[%clk 1:30:48]} 6. Nbd2 {[%clk
1:31:16]} Bd6 {[%clk 1:30:22]} 7. O-O {[%clk 1:31:29]} O-O {[%clk 1:30:45]} 8. e4
{[%clk 1:30:21]} dxe4 {[%clk 1:30:24]} 9. Nxe4 {[%clk 1:29:29]} Nxe4 {[%clk
1:30:37]} 10. Bxe4 {[%clk 1:29:46]} Nb8 {[%clk 1:26:56]} 11. Bxh7+ {[%clk
1:26:52]} Kh8 {[%clk 1:06:49]} 12. Ng5 {[%clk 1:25:59]} Qf6 {[%clk 0:41:42]} 13.
Qh5 {[%clk 1:26:01]} Qh6 {[%clk 0:19:12]} 14. Nxf7+ {[%clk 1:26:00]} Kxh7 {[%clk
0:19:01]} 15. Nxh6 {[%clk 1:26:23]} gxh6 {[%clk 0:18:58]} 16. Qxh6+ {[%clk
1:26:48]} Kg8 {[%clk 0:19:11]} 17. Qg6+ {[%clk 1:27:12]} Kh8 {[%clk 0:19:20]} 18.
Qh5+ {[%clk 1:27:37]} Kg8 {[%clk 0:19:31]} 19. Bh6 {[%clk 1:28:02]} Bxh2+ {[%clk
0:19:05]} 20. Kxh2 {[%clk 1:28:19]} Rf7 {[%clk 0:18:56]} 21. Qg6+ {[%clk
1:28:34]} Kh8 {[%clk 0:19:05]} 22. Qxf7 {[%clk 1:28:57]} Nc6 {[%clk 0:18:51]} 23.
Qg7# {[%clk 1:29:10]} 1-0

[Event "Girls U14 Polish Youth Championship"]
[Site "chess24.com"]
[Date "2018.05.03"]
[Round "7"]
[White "Lewandowska, Weronika"]
[Black "Kaznowska, Weronika"]
[Result "0-1"]
[Board "24"]
[WhiteElo "1219"]
[WhiteCountry "POL"]
[WhiteFideId "21814198"]
[WhiteEloChange "-12"]
[BlackElo "1131"]
[BlackCountry "POL"]
[BlackFideId "21816719"]
[BlackEloChange "12"]

1. d4 {[%clk 1:30:30]} e6 {[%clk 1:30:54]} 2. c4 {[%clk 1:30:49]} Nf6 {[%clk
1:31:19]} 3. Nf3 {[%clk 1:30:47]} b6 {[%clk 1:31:33]} 4. Nc3 {[%clk 1:30:30]} Bb4
{[%clk 1:31:53]} 5. e3 {[%clk 1:29:48]} Bxc3+ {[%clk 1:31:42]} 6. bxc3 {[%clk
1:29:57]} d6 {[%clk 1:31:41]} 7. Bd3 {[%clk 1:28:59]} Bb7 {[%clk 1:31:50]} 8. O-O
{[%clk 1:28:02]} Nbd7 {[%clk 1:31:34]} 9. Re1 {[%clk 1:27:10]} h6 {[%clk
1:30:46]} 10. e4 {[%clk 1:22:14]} g5 {[%clk 1:25:22]} 11. d5 {[%clk 1:18:11]} e5
{[%clk 1:25:09]} 12. Rb1 {[%clk 1:14:04]} Nf8 {[%clk 1:20:58]} 13. c5 {[%clk
1:05:23]} g4 {[%clk 1:17:21]} 14. c6 {[%clk 1:01:36]} Bc8 {[%clk 1:16:38]} 15.
Nd2 {[%clk 0:57:18]} Ng6 {[%clk 1:15:34]} 16. g3 {[%clk 0:51:57]} h5 {[%clk
1:12:13]} 17. Nf1 {[%clk 0:45:53]} Nh7 {[%clk 1:10:06]} 18. Qd2 {[%clk 0:44:32]}
Qf6 {[%clk 1:05:57]} 19. Qe2 {[%clk 0:40:12]} Ng5 {[%clk 1:05:07]} 20. Bxg5
{[%clk 0:40:15]} Qxg5 {[%clk 1:05:20]} 21. Qe3 {[%clk 0:39:00]} Qxe3 {[%clk
1:03:38]} 22. Nxe3 {[%clk 0:38:43]} Ne7 {[%clk 1:03:31]} 23. Kg2 {[%clk 0:35:41]}
Rf8 {[%clk 1:00:19]} 24. c4 {[%clk 0:29:35]} f5 {[%clk 0:55:08]} 25. exf5 {[%clk
0:28:45]} Nxf5 {[%clk 0:54:29]} 26. Nxf5 {[%clk 0:27:38]} Bxf5 {[%clk 0:54:48]}
27. Bxf5 {[%clk 0:27:25]} Rxf5 {[%clk 0:55:13]} 28. Re2 {[%clk 0:23:55]} Ke7
{[%clk 0:55:00]} 29. Rf1 {[%clk 0:17:20]} Rf3 {[%clk 0:54:37]} 30. Re3 {[%clk
0:17:01]} Raf8 {[%clk 0:54:51]} 31. Kg1 {[%clk 0:16:11]} Rxe3 {[%clk 0:54:38]}
32. fxe3 {[%clk 0:16:14]} Rxf1+ {[%clk 0:55:02]} 33. Kxf1 {[%clk 0:16:38]} e4
{[%clk 0:54:44]} 34. Kg2 {[%clk 0:15:24]} Kf6 {[%clk 0:55:09]} 35. a4 {[%clk
0:12:13]} Ke5 {[%clk 0:55:10]} 36. Kf2 {[%clk 0:11:37]} a6 {[%clk 0:55:24]} 37.
Ke2 {[%clk 0:11:35]} b5 {[%clk 0:48:51]} 38. cxb5 {[%clk 0:08:58]} axb5 {[%clk
0:49:11]} 39. a5 {[%clk 0:08:41]} Kxd5 {[%clk 0:49:35]} 40. Kd2 {[%clk 0:07:02]}
Kxc6 {[%clk 0:50:00]} 41. Kc3 {[%clk 0:07:10]} d5 {[%clk 0:49:42]} 42. a6 {[%clk
0:06:51]} Kb6 {[%clk 0:49:55]} 43. Kd4 {[%clk 0:06:28]} b4 {[%clk 0:49:48]} 44.
Kxd5 {[%clk 0:06:26]} b3 {[%clk 0:50:08]} 45. Kxe4 {[%clk 0:06:23]} b2 {[%clk
0:50:27]} 46. Kf4 {[%clk 0:05:59]} b1Q {[%clk 0:50:36]} 47. e4 {[%clk 0:06:07]}
Qf1+ {[%clk 0:50:55]} 48. Kg5 {[%clk 0:06:21]} Kxa6 {[%clk 0:51:04]} 49. e5
{[%clk 0:06:29]} Kb6 {[%clk 0:51:18]} 50. e6 {[%clk 0:06:48]} Qf8 {[%clk
0:51:32]} 51. Kxh5 {[%clk 0:06:30]} Qf5+ {[%clk 0:51:45]} 52. Kh4 {[%clk
0:06:28]} Qxe6 {[%clk 0:51:58]} 53. Kg5 {[%clk 0:06:25]} Kc5 {[%clk 0:52:12]} 0-1

[Event "Girls U14 Polish Youth Championship"]
[Site "chess24.com"]
[Date "2018.05.03"]
[Round "7"]
[White "Kot, Ewelina"]
[Black "Pieczewska, Gabriela"]
[Result "0-1"]
[Board "25"]
[WhiteElo "1148"]
[WhiteCountry "POL"]
[WhiteFideId "21871566"]
[WhiteEloChange "-8"]
[BlackElo "1203"]
[BlackCountry "POL"]
[BlackFideId "1195158"]
[BlackEloChange "8"]

1. e4 {[%clk 1:30:57]} e6 {[%clk 1:30:51]} 2. d4 {[%clk 1:31:12]} d5 {[%clk
1:31:13]} 3. exd5 {[%clk 1:30:54]} exd5 {[%clk 1:31:35]} 4. Bf4 {[%clk 1:30:36]}
c5 {[%clk 1:30:17]} 5. c3 {[%clk 1:30:21]} Nc6 {[%clk 1:29:54]} 6. Nf3 {[%clk
1:29:47]} c4 {[%clk 1:29:15]} 7. Nbd2 {[%clk 1:29:38]} Bd6 {[%clk 1:28:00]} 8.
Qe2+ {[%clk 1:25:59]} Nge7 {[%clk 1:27:10]} 9. Bxd6 {[%clk 1:26:07]} Qxd6 {[%clk
1:27:25]} 10. g3 {[%clk 1:26:02]} O-O {[%clk 1:26:58]} 11. Bg2 {[%clk 1:25:59]}
Bg4 {[%clk 1:26:08]} 12. O-O {[%clk 1:25:36]} Rab8 {[%clk 1:22:19]} 13. b3 {[%clk
1:22:25]} b5 {[%clk 1:20:34]} 14. b4 {[%clk 1:22:06]} Qc7 {[%clk 1:15:35]} 15.
Rfe1 {[%clk 1:17:17]} Rfe8 {[%clk 1:14:12]} 16. Qd1 {[%clk 1:16:31]} a5 {[%clk
1:09:44]} 17. a3 {[%clk 1:16:35]} a4 {[%clk 1:01:13]} 18. Qc2 {[%clk 1:16:32]}
Bf5 {[%clk 0:55:15]} 19. Qc1 {[%clk 1:16:17]} Ng6 {[%clk 0:53:56]} 20. Nf1 {[%clk
1:15:35]} Qd7 {[%clk 0:51:43]} 21. Ne3 {[%clk 1:15:17]} Bh3 {[%clk 0:50:15]} 22.
Bxh3 {[%clk 1:12:27]} Qxh3 {[%clk 0:49:16]} 23. Nxd5 {[%clk 1:12:12]} Qf5 {[%clk
0:47:54]} 24. Nf4 {[%clk 1:10:06]} Nce7 {[%clk 0:43:08]} 25. Ne5 {[%clk 1:08:26]}
Nxf4 {[%clk 0:41:40]} 26. Qxf4 {[%clk 1:08:35]} Qxf4 {[%clk 0:41:58]} 27. gxf4
{[%clk 1:08:59]} Nd5 {[%clk 0:42:12]} 28. Rac1 {[%clk 1:07:54]} Nxf4 {[%clk
0:41:37]} 29. Re3 {[%clk 1:07:17]} f6 {[%clk 0:38:51]} 30. Ng4 {[%clk 0:57:43]}
Rxe3 {[%clk 0:38:28]} 31. Nxe3 {[%clk 0:57:48]} Ne2+ {[%clk 0:38:50]} 32. Kf1
{[%clk 0:57:35]} Nxc1 {[%clk 0:39:12]} 33. Ke1 {[%clk 0:57:21]} Nd3+ {[%clk
0:37:47]} 34. Ke2 {[%clk 0:57:43]} Nf4+ {[%clk 0:37:56]} 35. Kf3 {[%clk 0:57:52]}
g5 {[%clk 0:38:07]} 36. h4 {[%clk 0:58:07]} Rd8 {[%clk 0:37:18]} 37. Kg4 {[%clk
0:57:48]} Nd5 {[%clk 0:37:17]} 38. Nxd5 {[%clk 0:57:50]} Rxd5 {[%clk 0:37:40]}
39. h5 {[%clk 0:58:11]} h6 {[%clk 0:37:56]} 40. Kf3 {[%clk 0:57:35]} f5 {[%clk
0:38:09]} 41. Kg3 {[%clk 0:57:37]} Kf7 {[%clk 0:38:28]} 42. f3 {[%clk 0:57:46]}
f4+ {[%clk 0:37:56]} 43. Kg4 {[%clk 0:57:45]} Kf6 {[%clk 0:38:16]} 44. Kh3 {[%clk
0:58:06]} Kf5 {[%clk 0:38:42]} 45. Kg2 {[%clk 0:58:05]} g4 {[%clk 0:39:01]} 46.
fxg4+ {[%clk 0:58:27]} Kxg4 {[%clk 0:39:26]} 47. Kf2 {[%clk 0:58:49]} f3 {[%clk
0:39:34]} 48. Kf1 {[%clk 0:59:08]} Kg3 {[%clk 0:39:54]} 49. Kg1 {[%clk 0:59:27]}
f2+ {[%clk 0:39:53]} 50. Kf1 {[%clk 0:59:43]} Rxh5 {[%clk 0:40:17]} 0-1

[Event "Girls U14 Polish Youth Championship"]
[Site "chess24.com"]
[Date "2018.05.03"]
[Round "7"]
[White "Gromek, Aleksandra"]
[Black "Franek, Diana"]
[Result "0-1"]
[Board "26"]
[WhiteElo "1101"]
[WhiteCountry "POL"]
[WhiteFideId "21866619"]
[WhiteEloChange "-7"]
[BlackElo "1190"]
[BlackCountry "POL"]
[BlackFideId "21856516"]
[BlackEloChange "7"]

1. e4 {[%clk 1:30:58]} e5 {[%clk 1:30:58]} 2. Nf3 {[%clk 1:31:16]} Nc6 {[%clk
1:31:19]} 3. Nc3 {[%clk 1:31:19]} Nf6 {[%clk 1:31:28]} 4. Bb5 {[%clk 1:31:07]}
Bd6 {[%clk 1:25:10]} 5. d3 {[%clk 1:29:19]} h6 {[%clk 1:25:18]} 6. Be3 {[%clk
1:26:30]} Qe7 {[%clk 1:24:28]} 7. O-O {[%clk 1:21:51]} Bb4 {[%clk 1:19:19]} 8.
Re1 {[%clk 1:18:10]} O-O {[%clk 1:13:59]} 9. Qd2 {[%clk 1:12:06]} a6 {[%clk
1:07:39]} 10. Bxc6 {[%clk 1:10:59]} dxc6 {[%clk 1:06:39]} 11. h3 {[%clk 1:08:17]}
Rd8 {[%clk 1:06:11]} 12. a3 {[%clk 1:05:22]} Nxe4 {[%clk 0:56:35]} 13. Qc1 {[%clk
1:02:03]} Bxc3 {[%clk 0:55:31]} 14. bxc3 {[%clk 1:01:15]} Nxc3 {[%clk 0:47:15]}
15. Qb2 {[%clk 0:59:28]} Nd5 {[%clk 0:44:36]} 16. Qxe5 {[%clk 0:54:03]} Qxe5
{[%clk 0:43:16]} 17. Nxe5 {[%clk 0:54:14]} f6 {[%clk 0:39:40]} 18. Nf3 {[%clk
0:52:44]} Bd7 {[%clk 0:38:42]} 19. Rab1 {[%clk 0:51:30]} b6 {[%clk 0:38:00]} 20.
Nh4 {[%clk 0:45:39]} Re8 {[%clk 0:36:33]} 21. Bd2 {[%clk 0:43:00]} Kf7 {[%clk
0:35:04]} 22. Nf3 {[%clk 0:41:45]} g5 {[%clk 0:32:01]} 23. g4 {[%clk 0:37:38]} c5
{[%clk 0:28:44]} 24. Kg2 {[%clk 0:36:46]} Ne7 {[%clk 0:28:16]} 25. Re3 {[%clk
0:34:37]} Ng6 {[%clk 0:27:39]} 26. Rbe1 {[%clk 0:32:54]} Bc6 {[%clk 0:26:48]} 27.
Bc3 {[%clk 0:31:53]} Nh4+ {[%clk 0:26:33]} 28. Kg3 {[%clk 0:30:46]} Rxe3 {[%clk
0:24:33]} 29. fxe3 {[%clk 0:29:06]} Nxf3 {[%clk 0:23:08]} 30. Rf1 {[%clk
0:28:44]} Ke6 {[%clk 0:21:40]} 31. e4 {[%clk 0:28:56]} Nd4 {[%clk 0:21:52]} 32.
Bxd4 {[%clk 0:26:20]} cxd4 {[%clk 0:22:13]} 33. Rb1 {[%clk 0:26:02]} Rd8 {[%clk
0:21:45]} 34. Kf3 {[%clk 0:25:09]} Ba4 {[%clk 0:21:03]} 35. Rc1 {[%clk 0:25:26]}
Rd6 {[%clk 0:21:02]} 36. Ke2 {[%clk 0:25:41]} Rc6 {[%clk 0:21:07]} 37. Kd2 {[%clk
0:26:02]} Rc3 {[%clk 0:21:18]} 38. Ke2 {[%clk 0:24:43]} Rxc2+ {[%clk 0:21:23]}
39. Rxc2 {[%clk 0:25:00]} Bxc2 {[%clk 0:21:43]} 40. Kd2 {[%clk 0:25:25]} Ba4
{[%clk 0:22:00]} 41. Kc1 {[%clk 0:25:26]} 0-1